000 00880nam a22003137a 4500
001 BR8804172
003 BR-BrBNA
005 20230928092952.0
007 ta
008 230509b bl.||||| |||| 00| 0 por d
040 _aBR-BrBNA
_bpor
_cBiblioteca Nacional de Agricultura
041 _a(Por)
072 _aF61; F04; F03
_b1740
_b3840
_b3866
090 _ 1740 BR8804172
100 1 _aBustamante, P.G.
100 1 _aCasali, V.W.D. (coords.)
110 1 _aUniversidade Federal de Vicosa, MG (Brasil)
111 1 _aSeminarios de Olericultura
_cVicosa, MG (Brazil)
_d1986
245 1 _aSeminarios de Olericultura [Cebola]
_bv. 12
260 3 _aVicosa, MG (Brasil):
_c1986.
300 _a149 p.
650 _aCEBOLA
650 _aNUTRIENTE MINERAL
650 _aNPK
650 _aSEMENTE
650 _aPRODUCAO
909 _a202309
_bLucia
_c55
_dLucia Elande
942 _cBK
999 _c42276
_d42276